LEADER 00816nam a2200193 i 4500 001 000000104504 003 CaOOAMICUS 005 20011123000000.0 008 011123n it u000 u ita u 013 $a76693 040 $aSeMil$bita 245 10$aQualis Causa - Zoofito. 300 $aXVI, 911 p. + [1] CD. 650 4$aRosmini Serbati, Antonio - Enciclopedie e dizionari.$0(OLS)http://semarc/subject/1086 773 0 $aRosmini, Antonio $tGrande dizionario antologico del pensiero di Antonio Rosmini.$dRoma : Cittą Nuova, 2001.$gVol4$w()6828 850 $aSeMil 852 $aSeMil$W1$xVenegono$y1$mSL1.N IV 49$j258013$B60861$CSeMilBibl$Z2$F45246 $8I 961 $aOmaggio per recensione: Scuola Cattolica 996 $6245$aQualis Causa - Zoofito$9(OLS)http://semarc/title/151483 LEADER 00811nam a2200217 i 4500 001 000000111951 003 CaOOAMICUS 005 20030204000000.0 008 030204s1989 it u000 u ita u 013 $a84635 020 $a88-7152-006-8 040 $aSeMil$bita 245 10$aCiclo A. 300 $a334 p. 650 4$aBibbia - NT - Vangeli - Commenti ai brani liturgici.$0(OLS)http://semarc/subject/1347 773 0 $aPronzato, Alessandro $tParola di Dio!.$dTorino : Gribaudi, copyr. 1988-copyr. 1990.$w()8513 850 $aSeMil 852 $aSeMil$W1$xVenegono$y1$m3K II 532/1$j67746$B67746$CSeMilBibl$Z2$F73909 $81 961 $aLascito: Gariboldi don Angelo 996 $6020$a88-7152-006-8$9(OLS)http://semarc/number/94330 996 $6245$aCiclo A$9(OLS)http://semarc/title/105775